• 首页
  • 本馆介绍
  • 公告通知
  • 最新文献
  • 馆藏检索
  • 电子资源
  • 读者导购
  • 参考咨询
  • 我的图书馆
  • 登录
  • 详细信息显示
  • 放入我的书架
  • 预约/预借图书
  • 作者相关作品
  • 分类相关作品
  • 丛书相关作品
  • 出版社相关作品

书目信息

  • 表格格式
  • 工作单格式
  • 卡片格式
题名:
装潢设计基础
    
 
作者: 吴之勋 , 陈荣环 编著
分册:  
出版信息: 北京   中国社会出版社  1998
页数: 104,16页
开本: 26cm
丛书名: 美术与设计基础丛书
单 册:
中图分类: J524 , G613
科图分类:
主题词: 装潢--设计 , 教育--各级
电子资源:
ISBN: 7-80146-053-7
000 00737nam2 2200265 450
001 1532296109
005 20150201085838.93
010    @a7-80146-053-7@dCNY17.00
100    @a20021005d1998 em y0chiy0110 ea
101 0  @achi
102    @aCN@b110000
105    @af z 000yy
200 1  @a装潢设计基础@9zhuang huang she ji ji chu@f吴之勋,陈荣环编著
210    @a北京@c中国社会出版社@d1998
215    @a104,16页@c图@d26cm
225 2  @a美术与设计基础丛书
461  0 @12001 @a美术与设计基础丛书
606 0  @a装潢@x设计
606 0  @a教育@x各级
690    @aJ524@v5
690    @aG613@v4
701  0 @a吴之勋@9wu zhi xun@4编著
701  0 @a陈荣环@9chen rong huan@4编著
801  0 @aCN@bTSSF@c20150201
905    @aZUCC@dG613@eJY96
    
    装潢设计基础/吴之勋,陈荣环编著.-北京:中国社会出版社,1998
    104,16页:图;26cm.-(美术与设计基础丛书)
    
    
    ISBN 7-80146-053-7:CNY17.00
    
●
相关链接 在E读中查询图书 在五车中查询图书 在当当中查询图书 在豆瓣中查询图书


正题名:装潢设计基础     索取号:G613/JY96         预约/预借

序号 登录号 条形码 馆藏地/架位号 状态 备注
1 7846550   278465509   学院路分馆/ [索取号:G613/JY96] 在馆    
唐山师范学院图书馆 欢迎您!
大连网信软件有限公司© 版权所有